Quizzes
Events
Quiz Creation
Community
Videos
Private Events
Remove Ads
Sign In
Join for FREE
Feedback
Dark Mode
Quiz Categories
Sports
Geography
Music
Movies
Television
Just For Fun
Miscellaneous
History
Literature
Language
Science
Gaming
Entertainment
Religion
Holiday
For Kids
Quiz Lab
Recent
Popular Today
Quiz Kudos Today
Editor Picks
Curator Picks
Quizzes by...
Day
Popularity
Type
Ratings
Length
Year
Community
Subscriptions
Recent Discussions
Orange Saloon
Badges
Playlists
Quests
Create
Leaderboards
Showdown
Live 5
Trivia Bingo
Activity
Puzzle Library
Sporcle Events
Private Events
Virtual Trivia
Globe League
Become a Host
Pub Owners
SporcleCon
Opinionation
Our Games
Videos
Blog
Mobile Apps
Partnerships
Remove Ads and Go Orange
Feedback
Language
Vocabulary
Begins and Ends
Definition
Spanish
French
German
Italian
Chinese
Latin
Translation
Japanese
Language
Vocabulary
Begins and Ends
Definition
Spanish
French
German
Italian
Chinese
Latin
Translation
Japanese
Random Quiz
Search Sporcle
×
Quiz Lab
Quiz Lab
Language
French
Type in answers that appear in a list
Type in answers that appear in a list
Classic
Best Score? Go Orange.
French Vocabulary 1 Stats
Can you name the French words?
By
myshkin
15m
200 Questions
3,071 Plays
3,071 Plays
3,071 Plays
Comments
Comments
Give Quiz Kudos
Give Quiz Kudos
-
- Ratings
hide this ad
More Info
Forced Order
Answers have to be entered in order
Answers have to be entered in order
Random Order
Randomize order of answers
Randomize order of answers
Replay
Link that replays current quiz
Next Quiz
Link to next quiz in quiz playlist
You Got
0%
They Got
Avg Score
44%
Avg Friend Score
Upgrade to see
Score Distribution
Jump to the score distribution portion of the page
Score
0/200
Timer
15:00
0
Plays Today
English
French
% Correct
white
blanc
65.1%
black
noir
64%
small
petit
63.6%
to be
être
63.3%
to have
avoir
63.2%
mother
la mère
62.6%
good
bon
61.9%
father
le père
61.7%
hotel
l'hôtel
61.5%
beautiful
beau
61%
all
tout
60.5%
brother
le frère
60.4%
large
grand
60%
water (n.)
l'eau
59.9%
day
le jour
59.7%
year
l'an
59.5%
girl
la fille
59.5%
girl
la fille
59.1%
school
l'école
58.9%
to see
voir
58.7%
family
la famille
58.5%
man
l'homme
58.4%
woman
la femme
58.3%
coffee
le café
58.2%
uncle
l'oncle
58.1%
hour
l'heure
57.6%
name (n.)
le nom
57.6%
to say
dire
57.6%
table
la table
57.6%
head
la tête
57.4%
garden
le jardin
57.4%
new
nouveau
57.3%
to make
faire
57.1%
because
parce que
57%
boy
le garçon
57%
night
la nuit
57%
age
l'âge
56.8%
friend
l'ami
56.8%
first
premier
56.6%
door
la porte
56.5%
paper
le papier
56.5%
life
la vie
56.2%
to give
donner
56.2%
world
le monde
56.1%
love (n.)
l'amour
56.1%
sir
monsieur
56%
French (n.)
le français
55.7%
foot
le pied
55.6%
morning
le matin
55.6%
sun
le soleil
55.6%
to pass
passer
55.6%
mouth
la bouche
55.4%
child
l'enfant
55.2%
to want
vouloir
55.1%
flower
la fleur
55.1%
money
l'argent
55%
summer
l'été
55%
parent (n.)
le parent
54.7%
street
la rue
54.6%
window
la fenêtre
54.6%
to find
trouver
54.4%
hand (n.)
la main
54.4%
true
vrai
53.9%
evening (n.)
le soir
53.8%
word
le mot
53.7%
bed
le lit
53.7%
to come
venir
53.6%
English
French
% Correct
image
l'image
53.4%
room
la chambre
53.3%
sea
la mer
53.3%
idea
l'idée
53.1%
air
l'air
53%
question (n.)
la question
52.1%
face (n.)
le visage
51.8%
moment
le moment
51.7%
train (n.)
le train
51.7%
to end
finir
51.7%
minute (n.)
la minute
51.7%
to be able to
pouvoir
51.5%
work (n.)
le travail
51.5%
to ask
demander
51.3%
heart
le coeur
50.6%
old
vieux
50.5%
god
le dieu
50.5%
hair
le cheveu
50.3%
long (adj.)
long
50.2%
city
la ville
50.2%
war
la guerre
50%
attention
l'attention
49.8%
letter
la lettre
49.3%
tree
l'arbre
49.1%
alone
seul
48.9%
time (n.)
le temps
48.9%
person
la personne
48.8%
church
l'église
48.6%
sky
le ciel
48.5%
bag (n.)
le sac
48.2%
silence
le silence
48.1%
to have to
devoir
48.1%
earth
la terre
47.8%
gold
l'or
47.2%
reason (n.)
la raison
46.9%
story
l'histoire
46.8%
place (n.)
le lieu
46.7%
blood
le sang
46.7%
fire (n.)
le feu
46.7%
sure
sûr
45.6%
wind (n.)
le vent
45.6%
point (n.)
le point
45.4%
last (adj.)
dernier
45.4%
newspaper
le journal
45.4%
wall
le mur
44.4%
finger
le doigt
44.1%
passage
le passage
44.1%
eye (n.)
l'oeil
43.8%
piece
la pièce
43.6%
state (n.)
l'état
43.6%
suite
la suite
43.4%
thing
la chose
43.3%
game
le jeu
43%
general (n.)
le général
42.8%
office
le bureau
42.8%
to hear
entendre
42.6%
spirit
l'esprit
42.3%
nobody
personne
41.5%
light (n.)
la lumière
40.7%
effect
l'effet
40.4%
cooking (n.)
la cuisine
40.4%
law
le droit
39.9%
glass
le verre
39.9%
need (n.)
le besoin
39.4%
joy
la joie
39.2%
presence
la présence
39%
order (n.)
l'ordre
38.7%
English
French
% Correct
present (n.)
le présent
38.7%
example
l'exemple
38.6%
government
le gouvernement
38.2%
cause (n.)
la cause
38.2%
skin (n.)
la peau
38.1%
type (n.)
le type
38.1%
stairs
l'escalier
38%
shoulder
l'épaule
37.8%
herself
elle-même
37.7%
truth
la vérité
37.7%
pleasure
le plaisir
37.6%
corner (n.)
le coin
37.3%
himself
lui-même
37.2%
sense (n.)
le sens
36.6%
taste (n.)
le goût
36%
interior
l'intérieur
35.9%
envy (n.)
l'envie
35.5%
doubt (n.)
le doute
34.9%
fear (n.)
la peur
34.9%
noise
le bruit
34.7%
sign (n.)
le signe
34.7%
return (n.)
le retour
34.2%
master
le maître
34%
tone (n.)
le ton
34%
full
plein
33%
movement
le mouvement
32.9%
view (n.)
la vue
32.8%
lip
la lèvre
32.5%
smile (n.)
le sourire
32.2%
beginning
le début
31.8%
agreement
l'accord
31.8%
each one
chacun
31.6%
stone
la pierre
31.5%
event
l'événement
31.1%
court (n.)
la cour
30.6%
side (n.)
le côté
30.2%
habit
l'habitude
29.6%
none
aucun
29.4%
rest (n.)
le reste
29.2%
forehead
le front
29.2%
smell (n.)
l'odeur
28.2%
road
la route
28.1%
evil (n.)
le mal
27.9%
part (n.)
la partie
27.9%
bottom (n.)
le bas
27.9%
shape (n.)
la forme
27.7%
soul
l'âme
27.2%
sort (n.)
la sorte
26.8%
look (n.)
le regard
26.7%
strength
la force
26.7%
happiness
le bonheur
26.4%
middle (n.)
le milieu
25.8%
belly
le ventre
25.4%
account
le compte
24.7%
species
l'espèce
24.1%
path
le chemin
23.5%
soil
le sol
23.3%
hit (n.)
le coup
23%
tear (n.)
la larme
20.5%
top (n.)
l'haut
20.1%
way
la manière
19.6%
printing (n.)
l'impression
19.5%
edge
le bord
19.1%
kind (n.)
le genre
19.1%
sorrow
la peine
16%
case (n.)
l'affaire
14.8%
Quiz Playlist
Details
Report
Send in Message
Add To Playlist
More Info:
Nouns require definite articles.
Classic:
Type in answers that appear in a list
Forced Order:
Answers have to be entered in order
Random Order:
Randomize order of answers
Quiz Source
Last Updated: Feb 16, 2017
Quiz Scoreboard
CHALLENGE
Sign Up to Join the Scoreboard
Show All
Scores
Hide
Comments
May contain spoilers
Recently Published
Billboard Blitz: Fleetwood Mac
by CooCooCachoo
Music
15s
Presidents Visiting Landmarks
by Hejman
History
7m
An Introduction to Baseball
by treessimontrees
Sports
5m
More to Explore
Quiz From the Vault
Featured Blog Post
Where Did the Easter Bunny Come From?
hide this ad
You Might Also Like...
Tags
French Quiz
Vocabulary Quiz
English
Today's Top Quizzes in Language
Browse Language
hide this ad
Today's Top Quizzes in French
Browse French
Top Contributed Quizzes in Language
1
1-10 Letter F Words III
2
1-10 Letter G Words III
3
Order Up: Top 10 Most Native Spoken Languages
4
1-10 Letter H Words III
5
Alphabetize! : 'As' words
6
One Thing in Common: Italy
7
1-10 Letter I Words III
8
Weisst du, aus welchen Sprachen diese Wörter stammen?
9
1-10 Letter J Words III
10
Celtic Nations in their Language
Explore More
Trending Topics
Anime
Harry Potter
Disney
NBA
Crossword
Marvel
Kpop
The Office
Country
Soccer
NFL
Song
WWE
Puzzle
Pokémon
hide this ad
More By:
myshkin
Quiz
Plays
Rating
Category
Featured
Created
French Vocabulary 1
3,071
2.45
Language
Dec 12, 2009
Countries by nominal GDP
667
5.00
Geography
Jul 12, 2011
Countries with one vowel
183
4.20
Geography
Nov 9, 2009
Go to Creator's Profile
Score Distribution
Quiz Creator Spotlight
myshkin
Follow
Send a Message
Quizzes Created
-
Created Quiz Play Count
-
More By This Creator
Popular Quizzes Today
1
Find the US States - No Outlines Minefield
2
Find the Countries of Europe - No Outlines Minefield
3
The Countries of the World
4
Find the US States
5
US States
6
Popular People in 1961
7
Risky Map Clicking: Biggest States A-Z
8
Movies - When Are They Set?
More Language Quizzes
Two 6-Letter Words That Fit
Published
Trending Quizzes
Risky Map Clicking: Least Populous States A-Z
1-10 Letter G Words
1-10 Letter F Words
Risky Map Clicking: Next State Alphabetically
Risky Map Clicking: Biggest States A-Z
Recently Updated
Leaping Animals
pecheneg
Reality TV Shows (A-Z)
bhenderson79
Rickey Henderson's Hall of Fame Teammates
pecheneg
Champions League XIs: Arsenal
pecheneg
Quick Pick: Celebrities in WWE's Hall of Fame
aduchscher
A-Z Keypad Blitz II
pecheneg
Multiple Oscar Actors
pecheneg
Mystery Phrase Blitz: Oscar 'Best Actors'
pecheneg
F. Scott Fitzgerald Novels
LTH
Pick 3 Villains
ddd62291
Trending Topics
Harry Potter
Anime
Disney
Crossword
Marvel
NBA
Kpop
Puzzle
WWE
The Office
Soccer
NFL
Country
Pokémon
Song
Your Account Isn't Verified!
In order to create a playlist on Sporcle, you need to verify the email address you used during registration. Go to your
Sporcle Settings
to finish the process.
Report this User
Report this user for behavior that violates our
Community Guidelines
.
Details:
Send Report
Go to the Sporcle.com Mobile Site →
Comments